| 000 | 00340nam a2200145Ia 4500 | ||
|---|---|---|---|
| 008 | 230917s9999||||xx |||||||||||||| ||und|| | ||
| 040 |
_e150165 _aMAIN |
||
| 041 | _aEnglish | ||
| 082 | _a784.4 S64R | ||
| 100 | _aSingh, Jaswant | ||
| 245 | 0 | _aRajasthan ke Rajwari geet | |
| 260 |
_aJaipur _bSanghi _c1990 |
||
| 300 | _a482 p. | ||
| 942 | _cBK | ||
| 999 |
_c75319 _d75319 |
||